[Event "Mittelfranken Landesliga Nord 2223"]
[Site "Mittelfranken"]
[Date "2023.03.05"]
[Round "7.1"]
[White "Kunz, Konstantin"]
[Black "Ammon, Tobias"]
[Result "1/2-1/2"]
[WhiteElo "2081"]
[BlackElo "2159"]
[PlyCount "115"]
[EventDate "2022.10.09"]
[EventType "team-tourn"]
[EventRounds "9"]
[EventCountry "GER"]
[SourceTitle "EXT 2024"]
[Source "ChessBase"]
[SourceDate "2023.10.10"]
[SourceVersion "1"]
[SourceVersionDate "2023.10.10"]
[SourceQuality "1"]
[WhiteTeam "Kitzingen"]
[BlackTeam "Altensittenbach"]
[WhiteTeamCountry "GER"]
[BlackTeamCountry "GER"]

1. d4 Nf6 2. Bf4 g6 3. e3 Bg7 4. h3 c5 5. c3 Qb6 6. Qb3 d6 7. Nf3 0-0 8. Nbd2 Be6 9. Bc4 Bxc4 10. Nxc4 Qa6 11. dxc5 dxc5 12. 0-0 Nbd7 13. a4 b6 14. a5 Qb7 15. axb6 axb6 16. Qb5 Rxa1 17. Rxa1 Ra8 18. Rd1 Qa6 19. Qxa6 Rxa6 20. Nce5 Nxe5 21. Rd8+ Bf8 22. Nxe5 Kg7 23. g4 e6 24. Bh6+ Kxh6 25. Rxf8 Ra7 26. Rxf7 Rxf7 27. Nxf7+ Kg7 28. Ne5 g5 29. Kg2 Kf8 30. f4 h6 31. Kf3 Ke7 32. e4 Ke8 33. c4 Ke7 34. b3 Ne8 35. Ke3 Nd6 36. f5 exf5 37. exf5 Ne8 38. Kf2 Nf6 39. Kf3 Ne8 40. Ke3 Nf6 41. b4 Ne8 42. b5 Nf6 43. Kf3 Ne8 44. Ke2 Nf6 45. Ke3 Ne8 46. h4 Nf6 47. hxg5 hxg5 48. Kf3 Ne8 49. Kg3 Nf6 50. Nf3 Ne4+ 51. Kg2 Kd6 52. Kf1 Nf6 53. Nxg5 Nxg4 54. Ke2 Ne5 55. Ne4+ Ke7 56. Nd2 Kf6 57. Kd1 Kxf5 58. Kc2 1/2-1/2

[Event "Mittelfranken Landesliga Nord 2223"]
[Site "Mittelfranken"]
[Date "2022.10.09"]
[Round "1.1"]
[White "Zvara, Petr"]
[Black "Kunz, Konstantin"]
[Result "1-0"]
[WhiteElo "2380"]
[BlackElo "2081"]
[PlyCount "41"]
[EventDate "2022.10.09"]
[EventType "team-tourn"]
[EventRounds "9"]
[EventCountry "GER"]
[SourceTitle "EXT 2024"]
[Source "ChessBase"]
[SourceDate "2023.10.10"]
[SourceVersion "1"]
[SourceVersionDate "2023.10.10"]
[SourceQuality "1"]
[WhiteTeam "Schwandorf"]
[BlackTeam "Kitzingen"]
[WhiteTeamCountry "GER"]
[BlackTeamCountry "GER"]

1. Nf3 Nf6 2. b3 e6 3. Bb2 d5 4. e3 Bd6 5. c4 0-0 6. g4 Nxg4 7. Rg1 Nf6 8. Nc3 g6 9. Qc2 Nc6 10. a3 a6 11. Bd3 Qe7 12. h4 dxc4 13. bxc4 Ne5 14. Nxe5 Bxe5 15. f4 Bd6 16. Rg5 e5 17. fxe5 Bxe5 18. Rxe5 Qxe5 19. Ne4 Qxb2 20. Qxb2 Nxe4 21. Bxe4 1-0

[Event "Mittelfrank Regionalliga Nord-West 2122"]
[Site "Mittelfranken"]
[Date "2022.05.08"]
[Round "8.1"]
[White "Kunz, Konstantin"]
[Black "Helm, Timo"]
[Result "0-1"]
[WhiteElo "2087"]
[BlackElo "2088"]
[PlyCount "58"]
[EventDate "2021.10.24"]
[EventType "team-tourn"]
[EventRounds "9"]
[EventCountry "GER"]
[SourceTitle "EXT 2024"]
[Source "ChessBase"]
[SourceDate "2023.10.10"]
[SourceVersion "1"]
[SourceVersionDate "2023.10.10"]
[SourceQuality "1"]
[WhiteTeam "Kitzingen"]
[BlackTeam "Bad Neustadt"]
[WhiteTeamCountry "GER"]
[BlackTeamCountry "GER"]

1. d4 d5 2. Bf4 Nf6 3. e3 e6 4. Nd2 Bd6 5. c3 c5 6. Bg3 Qc7 7. Ngf3 Nbd7 8. Bxd6 Qxd6 9. Be2 0-0 10. 0-0 Re8 11. c4 b6 12. cxd5 exd5 13. dxc5 bxc5 14. Qa4 Bb7 15. Rfd1 Qb6 16. Bb5 Rad8 17. b3 a6 18. Bf1 Ne4 19. Nxe4 Rxe4 20. Qa3 d4 21. exd4 cxd4 22. Qb2 Nf8 23. Rd2 Ne6 24. Rad1 Rg4 25. Ne1 Nf4 26. g3 Ne6 27. Bh3 Rg6 28. Bxe6 Rxe6 29. Rxd4 Rxd4 0-1

[Event "Regionalliga Nord-West 1718"]
[Site "Bayern"]
[Date "2018.03.18"]
[Round "8.4"]
[White "Haasner, Tom"]
[Black "Kunz, Konstantin"]
[Result "0-1"]
[WhiteElo "1925"]
[BlackElo "2089"]
[PlyCount "108"]
[EventDate "2017.10.22"]
[EventType "team-tourn"]
[EventRounds "9"]
[EventCountry "GER"]
[SourceTitle "EXT 2022"]
[Source "ChessBase"]
[SourceDate "2021.10.06"]
[SourceVersion "1"]
[SourceVersionDate "2021.10.06"]
[SourceQuality "1"]
[WhiteTeam "Rottendorf"]
[BlackTeam "Kitzingen SC"]
[WhiteTeamCountry "GER"]
[BlackTeamCountry "GER"]

1. d4 Nf6 2. Bf4 e6 3. e3 b6 4. c3 Bb7 5. Nf3 d6 6. h3 Be7 7. Bd3 c5 8. Qe2 h6 9. Nbd2 cxd4 10. cxd4 a6 11. Rc1 0-0 12. 0-0 Nd5 13. Bg3 Nb4 14. Bc4 d5 15. Bd3 Nxd3 16. Qxd3 Bc6 17. Qb3 Bb5 18. Rfe1 Nc6 19. a4 Na5 20. Qa2 Bc6 21. Ne5 Be8 22. Nd3 Bd6 23. Bxd6 Qxd6 24. Rc2 Bd7 25. b4 Nc6 26. Qb3 Rfc8 27. Rec1 Ne7 28. Ne5 Be8 29. Nb1 f6 30. Nd3 Bg6 31. Rxc8+ Rxc8 32. Rxc8+ Nxc8 33. Nf4 Bf7 34. Qc3 Ne7 35. Na3 e5 36. Nd3 e4 37. Nc1 f5 38. a5 bxa5 39. bxa5 Nc6 40. Nc2 Kf8 41. Nb3 Be6 42. Nc5 Bc8 43. Qa3 g5 44. Nb4 Ne7 45. Qa2 f4 46. exf4 gxf4 47. Qd2 Qf6 48. Nc2 Kg7 49. Qb4 Qg5 50. Kh2 e3 51. fxe3 fxe3 52. Qe1 Nf5 53. Nd3 h5 54. Kg1 h4 0-1

[Event "Regionalliga Nord-West 1718"]
[Site "Bayern"]
[Date "2017.11.12"]
[Round "2.3"]
[White "Kraich, Klaus"]
[Black "Kunz, Konstantin"]
[Result "1-0"]
[WhiteElo "2127"]
[BlackElo "2089"]
[PlyCount "62"]
[EventDate "2017.10.22"]
[EventType "team-tourn"]
[EventRounds "9"]
[EventCountry "GER"]
[SourceTitle "EXT 2022"]
[Source "ChessBase"]
[SourceDate "2021.10.06"]
[SourceVersion "1"]
[SourceVersionDate "2021.10.06"]
[SourceQuality "1"]
[WhiteTeam "Klingenberg"]
[BlackTeam "Kitzingen SC"]
[WhiteTeamCountry "GER"]
[BlackTeamCountry "GER"]

1. e4 c5 2. Nf3 e6 3. d4 cxd4 4. Nxd4 a6 5. Bd3 d6 6. 0-0 Nf6 7. c4 b6 8. Nc3 Bb7 9. Qe2 g6 10. f4 Bg7 11. Kh1 Nbd7 12. f5 gxf5 13. exf5 e5 14. Bg5 0-0 15. Nc2 Nc5 16. Ne3 e4 17. Bc2 Qe8 18. Rad1 Nd3 19. Bxf6 Bxf6 20. Ncd5 Bd4 21. Rxd3 exd3 22. Qxd3 Bxd5 23. Nxd5 f6 24. Qxd4 Qe2 25. Bd3 Qd2 26. h3 Rae8 27. Rf3 Re1+ 28. Kh2 Re5 29. Qxb6 Kh8 30. Qxd6 Qh6 31. b4 Re1 1-0

[Event "Landesliga Nord 1617"]
[Site "Bayern"]
[Date "2016.11.20"]
[Round "2.3"]
[White "Kunz, Konstantin"]
[Black "Maurer, Christian"]
[Result "1/2-1/2"]
[WhiteElo "2112"]
[BlackElo "2177"]
[PlyCount "40"]
[EventDate "2016.10.16"]
[EventType "team-tourn"]
[EventRounds "9"]
[EventCountry "GER"]
[SourceTitle "EXT 2019"]
[Source "ChessBase"]
[SourceDate "2018.10.10"]
[SourceVersion "1"]
[SourceVersionDate "2018.10.10"]
[SourceQuality "1"]
[WhiteTeam "Kitzingen"]
[BlackTeam "Kelheim"]
[WhiteTeamCountry "GER"]
[BlackTeamCountry "GER"]

1. d4 Nf6 2. Nf3 e6 3. Bg5 c5 4. e3 Qb6 5. Qc1 Nc6 6. c3 Be7 7. Nbd2 d5 8. h3 Bd7 9. Bd3 Rc8 10. Qb1 h6 11. Bf4 cxd4 12. exd4 Na5 13. 0-0 Bb5 14. Bxb5+ Qxb5 15. Re1 0-0 16. Ne5 Nc6 17. Nd3 Na5 18. Ne5 Nc6 19. Nd3 Na5 20. Ne5 Nc6 1/2-1/2

[Event "Bayern-ch"]
[Site "Bad Griesbach"]
[Date "2016.08.26"]
[Round "8"]
[White "Michalek, Michal"]
[Black "Kunz, Konstantin"]
[Result "1/2-1/2"]
[WhiteElo "2147"]
[BlackElo "2223"]
[PlyCount "65"]
[EventDate "2016.08.21"]
[EventType "swiss"]
[EventRounds "9"]
[EventCountry "GER"]
[SourceTitle "EXT 2022"]
[Source "ChessBase"]
[SourceDate "2021.10.06"]
[SourceVersion "1"]
[SourceVersionDate "2021.10.06"]
[SourceQuality "1"]

1. d4 Nf6 2. c4 e6 3. g3 Nc6 4. Nf3 Bb4+ 5. Bd2 Qe7 6. Nc3 Bxc3 7. Bxc3 Ne4 8. Rc1 0-0 9. d5 Nxc3 10. Rxc3 Nb8 11. Bg2 d6 12. dxe6 fxe6 13. Nd4 c6 14. 0-0 a5 15. e4 e5 16. Nc2 Nd7 17. Qd2 Nc5 18. Rd1 Rf6 19. Ne3 Bd7 20. Ra3 Qd8 21. Nf5 Qb6 22. b4 Nxe4 23. Bxe4 Bxf5 24. Bxf5 Rxf5 25. Rxa5 Rxa5 26. bxa5 Qc5 27. Qe2 d5 28. cxd5 cxd5 29. Rb1 Rf7 30. a6 bxa6 31. Rb8+ Rf8 32. Rxf8+ Kxf8 33. Qxe5 1/2-1/2

[Event "GER-chA Seniors 27th"]
[Site "Magdeburg"]
[Date "2015.08.22"]
[Round "8"]
[White "Bondick, Karl Heinz"]
[Black "Kunz, Konstantin"]
[Result "0-1"]
[WhiteElo "2038"]
[BlackElo "2213"]
[PlyCount "118"]
[EventDate "2015.08.15"]
[EventType "swiss"]
[EventRounds "9"]
[EventCountry "GER"]
[SourceTitle "EXT 2018"]
[Source "ChessBase"]
[SourceDate "2017.10.13"]
[SourceVersion "1"]
[SourceVersionDate "2017.10.13"]
[SourceQuality "1"]

1. d4 Nf6 2. f3 d5 3. e4 dxe4 4. Nc3 c6 5. fxe4 e5 6. Nf3 exd4 7. Qxd4 Qxd4 8. Nxd4 Bb4 9. Bd3 0-0 10. Nde2 Nbd7 11. Bf4 Re8 12. 0-0-0 Ne5 13. Rhf1 Bg4 14. Rde1 Rad8 15. Bxe5 Rxe5 16. h3 Bxe2 17. Rxe2 Bxc3 18. bxc3 Kf8 19. g4 h6 20. c4 c5 21. Kb2 Nh7 22. h4 f6 23. Rf5 Ke7 24. Ref2 Rd6 25. Kc3 Rb6 26. Rf1 Nf8 27. g5 hxg5 28. hxg5 Rxf5 29. Rxf5 Nd7 30. gxf6+ gxf6 31. Rh5 Ne5 32. Rh1 Kd6 33. Rf1 Ke6 34. a3 Ra6 35. Kb3 Nc6 36. c3 Ne5 37. Be2 Rd6 38. Kc2 Rd7 39. Rf2 Rh7 40. Rg2 b6 41. Kd2 Kf7 42. Rg1 Rh4 43. Ke3 Rh3+ 44. Kd2 Ng6 45. Rf1 Rh4 46. Ke3 Ne5 47. Rg1 Rh2 48. a4 Nc6 49. Rf1 Rh8 50. Rg1 Ke6 51. Rf1 Ne5 52. Rg1 Nf7 53. Rf1 Ng5 54. Bd3 Rh3+ 55. Kd2 Rh2+ 56. Ke3 Ra2 57. Be2 Rxa4 58. Bg4+ Ke7 59. Rd1 Rxc4 0-1

[Event "Bayern-ch"]
[Site "Rosenheim"]
[Date "2014.08.26"]
[Round "6"]
[White "Michalek, Michal"]
[Black "Kunz, Konstantin"]
[Result "1/2-1/2"]
[WhiteElo "2153"]
[BlackElo "2235"]
[PlyCount "128"]
[EventDate "2014.08.23"]
[EventType "swiss"]
[EventRounds "9"]
[EventCountry "GER"]
[SourceTitle "EXT 2015"]
[Source "ChessBase"]
[SourceDate "2014.11.20"]
[SourceVersion "1"]
[SourceVersionDate "2014.11.20"]
[SourceQuality "1"]

1. d4 Nf6 2. c4 e6 3. g3 Bb4+ 4. Bd2 Qe7 5. Bg2 0-0 6. Nc3 d6 7. Nf3 Bxc3 8. Bxc3 Ne4 9. Rc1 Nd7 10. 0-0 Nxc3 11. Rxc3 a5 12. e4 e5 13. Re1 b6 14. b3 Bb7 15. Qd2 Rad8 16. a3 c5 17. d5 Ra8 18. Qb2 Ra7 19. Ra1 Rfa8 20. Nd2 Bc8 21. Bh3 Qd8 22. Re3 Nf6 23. Bxc8 Qxc8 24. Kg2 Nd7 25. Nb1 f5 26. exf5 Nf6 27. Qc2 a4 28. b4 cxb4 29. axb4 Nxd5 30. Rea3 Nxb4 31. Qe4 Qc6 32. Qxc6 Nxc6 33. Nc3 Nd4 34. Rxa4 Rxa4 35. Rxa4 Rxa4 36. Nxa4 b5 37. cxb5 Nxb5 38. Kf3 Kf7 39. Ke4 Kf6 40. g4 Kg5 41. f3 h6 42. Nb6 Kh4 43. Nd7 Nc3+ 44. Kd3 Nd5 45. Nf8 Kg5 46. Ne6+ Kf6 47. Ke4 Ne7 48. Nc7 Kf7 49. Nb5 Nc8 50. Kd5 h5 51. h3 hxg4 52. hxg4 Ne7+ 53. Kxd6 Nxf5+ 54. Kxe5 Ne7 55. Nd6+ Kg6 56. Ne4 Nc6+ 57. Kd5 Ne7+ 58. Ke6 Nc6 59. f4 Nd4+ 60. Kd5 Nf3 61. f5+ Kf7 62. Kd6 g6 63. f6 Nh2 64. g5 Nf3 1/2-1/2

[Event "Karl Mala Memorial op-A 17th"]
[Site "Frankfurt"]
[Date "2014.08.02"]
[Round "4"]
[White "Kunz, Konstantin"]
[Black "Chernov, Vadim A"]
[Result "1/2-1/2"]
[WhiteElo "2235"]
[BlackElo "2438"]
[PlyCount "111"]
[EventDate "2014.07.31"]
[EventType "swiss"]
[EventRounds "7"]
[EventCountry "GER"]
[SourceTitle "EXT 2015"]
[Source "ChessBase"]
[SourceDate "2014.11.20"]
[SourceVersion "1"]
[SourceVersionDate "2014.11.20"]
[SourceQuality "1"]

1. d4 Nf6 2. Nf3 g6 3. Bf4 Bg7 4. e3 0-0 5. Be2 c5 6. c3 d6 7. h3 b6 8. 0-0 Bb7 9. Bh2 Nbd7 10. Nbd2 Qc7 11. a4 a6 12. Qb3 Bc6 13. Rfd1 Qb7 14. c4 cxd4 15. exd4 d5 16. Ne5 Nxe5 17. dxe5 Nd7 18. Nf3 Nc5 19. Qc2 dxc4 20. Qxc4 e6 21. Qg4 Rfd8 22. Rxd8+ Rxd8 23. Bg3 h5 24. Qh4 Rd7 25. b4 Ne4 26. b5 Nxg3 27. Qxg3 axb5 28. Bxb5 Bh6 29. Qh4 Rd5 30. Qc4 Bxb5 31. axb5 Rc5 32. Qe2 Qd7 33. Rb1 Rd5 34. g3 Bg7 35. Rb2 Rd1+ 36. Kg2 Qd5 37. Rc2 Rb1 38. Rb2 Rxb2 39. Qxb2 g5 40. g4 hxg4 41. hxg4 Qe4 42. Qd4 Qxd4 43. Nxd4 Bxe5 44. Nc6 Bd6 45. Kf3 Bc5 46. Ke2 Kf8 47. f3 Ke8 48. Kd3 Kd7 49. Ne5+ Ke7 50. Ke4 Bd6 51. Nc4 Bc7 52. Kd4 f5 53. gxf5 exf5 54. Kd5 g4 55. fxg4 fxg4 56. Ke4 1/2-1/2

[Event "Liechtenstein Seniors op"]
[Site "Triesen"]
[Date "2014.05.28"]
[Round "6"]
[White "Kunz, Konstantin"]
[Black "Gaprindashvili, Nona"]
[Result "1/2-1/2"]
[WhiteElo "2198"]
[BlackElo "2299"]
[PlyCount "54"]
[EventDate "2014.05.23"]
[EventType "swiss"]
[EventRounds "9"]
[EventCountry "LIE"]
[SourceTitle "CBM 160 Extra"]
[Source "ChessBase"]
[SourceDate "2014.07.01"]
[SourceVersion "1"]
[SourceVersionDate "2014.07.01"]
[SourceQuality "1"]

1. d4 c5 2. d5 e5 3. e4 d6 4. c4 g6 5. Nc3 Nh6 6. Be2 Bg7 7. h4 f6 8. h5 g5 9. g4 0-0 10. f3 Na6 11. a3 b6 12. Nh3 Bd7 13. Be3 Qe7 14. 0-0 Rfb8 15. Qd2 Nf7 16. Nf2 Nc7 17. b4 Qe8 18. Nd3 Bf8 19. Rfb1 Be7 20. Qe1 Qc8 21. Rc1 a5 22. Qf2 axb4 23. axb4 Rxa1 24. Rxa1 Ra8 25. Qe1 Rxa1 26. Qxa1 Qa6 27. Qb2 Kg7 1/2-1/2

[Event "Liechtenstein Seniors op"]
[Site "Triesen"]
[Date "2014.05.26"]
[Round "4"]
[White "Kunz, Konstantin"]
[Black "Ashby, Anthony"]
[Result "1/2-1/2"]
[WhiteElo "2198"]
[BlackElo "2134"]
[PlyCount "120"]
[EventDate "2014.05.23"]
[EventType "swiss"]
[EventRounds "9"]
[EventCountry "LIE"]
[SourceTitle "CBM 160 Extra"]
[Source "ChessBase"]
[SourceDate "2014.07.01"]
[SourceVersion "1"]
[SourceVersionDate "2014.07.01"]
[SourceQuality "1"]

1. d4 Nf6 2. Bg5 d5 3. Bxf6 exf6 4. e3 Bd6 5. g3 0-0 6. Bg2 c6 7. Nc3 Re8 8. Nce2 Qb6 9. Qc1 Bg4 10. c3 Nd7 11. Qd2 Rad8 12. h3 Be6 13. h4 Nf8 14. Nh3 Qc7 15. Nhf4 Bf5 16. h5 h6 17. Rh4 Nh7 18. g4 Bc8 19. 0-0-0 b5 20. Ng3 b4 21. cxb4 Qe7 22. Nf5 Bxf5 23. gxf5 Bxb4 24. Qc2 Rb8 25. Rd3 Qd7 26. Rb3 Bd6 27. Rxb8 Rxb8 28. Bf1 Ng5 29. Bd3 Nf3 30. Rg4 Ne1 31. Qe2 Nxd3+ 32. Qxd3 Qb7 33. b3 a5 34. Ne2 a4 35. Kc2 axb3+ 36. axb3 c5 37. dxc5 Bxc5 38. Ra4 Rc8 39. Kb2 Ra8 40. Rxa8+ Qxa8 41. Nf4 d4 42. exd4 Bd6 43. Ne2 Qa3+ 44. Kc2 Bb4 45. Ng3 Qa2+ 46. Kd1 Qxf2 47. Ne2 Qe1+ 48. Kc2 Qa1 49. Qc4 Qa2+ 50. Kd3 Qb1+ 51. Qc2 Qf1 52. Kc4 Bd6 53. Kd5 Bf8 54. Kc6 Qf3+ 55. d5 Qxh5 56. Qe4 Qh2 57. Nf4 Qa2 58. Qc4 Qa8+ 59. Kc7 Qa7+ 60. Kc6 Qa8+ 1/2-1/2